| 000 | 00456nam a2200181Ia 4500 | ||
|---|---|---|---|
| 001 | 22259 | ||
| 005 | 20260414150819.0 | ||
| 008 | 260414t2013||||xx |||||||||||||| ||spa|| | ||
| 041 | _aESP | ||
| 082 |
_a621.3 _bG23 |
||
| 100 |
_aGarcía Domínguez, Armando _eAUT |
||
| 245 | 0 |
_aTécnicas y procesos en instalaciones eléctricas _b |
|
| 260 | _c2013 | ||
| 300 |
_a314 páginas : _c27 cm. |
||
| 650 | _aTCA | ||
| 654 | _aCET | ||
| 942 |
_cLIB _dJUS _fJUS _2ddc _n |
||
| 999 |
_c22259 _d22259 |
||